Limbus Company Identity Trivia - The Thumb East Capo III Meursault - Statistics

General Stats
  • This quiz has been taken 60 times
  • The average score is 11 of 15
Answer Stats
Hint Answer % Correct
Meursault unconditionally applies this status ailment regardless of how much ammunition he has. Tremor
100%
When Meursault runs out tigermark rounds, his coins will no longer apply this status ailment. Burn
96%
When meursault is ___, he will switch ammunition types and remove the effect next turn. Staggered
90%
After spending a total of 8 tigermark + savage tigermark rounds, Meursault’s status effect, unrelenting spirit, changes into which status effect? Unrelenting spirit - shin
90%
This identity was released in a banner that also included an identity for this sinner: Sinclair
83%
When changing ammunition types, Meursault’s battle sprite changes, how does it change? Loses his hat
81%
Overheat reduces clash power based on total ammunition spent but increases ___ in return. Damage
77%
The skill, tanglecleaver, can trigger this effect up to 3 times on hit with it’s final coin. Tremor burst
77%
The sword this identity wields is known as the: Tiantui star blade
71%
Contrary to the characters this identity mirrors, Meursault cannot utilize: Mang
69%
Meursault can convert tremor stacks into a unique type of tremor with his skills: Tremor scorch
63%
When Meursault’s savage tigermark round’s run out, every coin that spends ammunition becomes a: Unbreakable coin
60%
When spending the last round of savage tigermark round, Meursault gains overheat and the skill gains: Attack weight
46%
The unrelenting spirit effects increase Meursault’s damage based on his: Speed
40%
If Meursault uses his clashable counter when out of ammunition, it gains 2 of this positive effect: Power up
25%
No matching quizzes found
Score Distribution
Percent of People with Each Score
Percentile by Number Answered
Your Score History
You have not taken this quiz